LEADER 01379nam a2200277 i 4500 001 000000360795 003 CaOOAMICUS 005 20241121092440.0 008 241121s2024 gw u000 u ger u 020 $a978-3-402-11208-3 040 $aSeMil$bita 100 1 $aAnzulewicz, Henryk,$d<1955- >.$0(OLS)http://semarc/name/93650 245 10$aSchöpfungsglaube und Vernunft :$bnicht-reduktionistische Erklärungsmodelle der Schöpfung aus dem Nichts bei Albertus Magnus /$cHenryk Anzulewicz. 264 1$aMünster :$bAschendorff,$c2024. 300 $a80 p. ;$c23 cm. 490 1 $aLectio Albertina ;$v22 600 04$aAlberto : Magno .$0(OLS)http://semarc/subject/6154 650 4$aCreazione - Teologia - Medioevo.$0(OLS)http://semarc/subject/49853 700 1 $aAris, Marc-Aeilko,$d<1959- >.$0(OLS)http://semarc/name/24051 830 0$aLectio Albertina ;$v22.$0(OLS)http://semarc/title/9477 850 $aSeMil 852 $aSeMil$W1$xVenegono$y1$m2IA G 22$j252475$B251797$CSeMilBibl$Z2$F251797 $81 996 $6020$a978-3-402-11208-3$9(OLS)http://semarc/number/301832 996 $6245$aSchöpfungsglaube und Vernunft :$bnicht-reduktionistische Erklärungsmodelle der Schöpfung aus dem Nichts bei Albertus Magnus$9(OLS)http://semarc/title/451352 996 $6264$aMünster :$bAschendorff$9(OLS)http://semarc/publisher/29674 LEADER 02301nas a2200313 i 4500 001 000000132416 003 CaOOAMICUS 005 20101111000000.0 008 101111b1937 it uu u0 0mul r 013 $a105373 040 $aSeMil$bita 245 10$a[1937]. 260 $aIn Civitate Vaticana :$bEx Aedibus Academicis,$c1937. 300 $a349 p., [15] c. di tav., [16] c. di tav. ripieg. :$bill., grafici, tabelle ;$c25 cm. 500 $aArticoli con sintesi in latino [Summarium] in testa. 773 0 $tCommentationes.$dIn Civitate Vaticana : Ex Aedibus Academicis, 1937-1959.$x0370-2111$w()2623 774 0 $aGemelli, Agostino $tNuovo contributo alla conoscenza della struttura delle vocali. - P. [1]-43, con nove tavole fuori testo.$w()274104 774 0 $aNobile, Umberto <1885-1978>$tSulle variazioni termiche del gas contenuto nella carena di un'aeronave.$w()274105 774 0 $aGatterer, Alois $tSpektralreines Eisen. - P. [77]-88, mit drei Tafeln.$w()274106 774 0 $aRohracher, Hubert <1903-1972>$tGehirnelektrischen Erscheinungen bei verschieden psychischen Vorgängen. - P. [89]-133, mit vier Tafeln. - Contiene.$w()274107 774 0 $aReverberi, Giuseppe <1901-1988>$tRicerche sperimentali sulla struttura dell'uovo fecondato delle ascidie. - P. [135]-172.$w()274108 774 0 $aCrocco, Gaetano Arturo <1877-1968>$tIperbole di stabilitā laterale nella dinamica dei velivoli. - P. [175]-195.$w()274109 774 0 $aGialanella, Lucio$tDeterminazione della longitudine della Torre Capitolina e della Torre del primo meridiano d'Italia a Monte Mario. - P. [197]-276.$w()274110 774 0 $aLoreti, Francesco$tEsperienze ed osservazioni sulla microfluorescenza della fibra nervosa (periferica) con particolare riguardo alla mielina. - P. [277]-331, con una tavola fuori testo, [2] c. di tabella ripieg..$w()274111 774 0 $aBarigozzi, Claudio <1909-1996>$tStudio degli spodogrammi dei cromosomi. - P. [333]-349, con dodici tavole fuori testo. - Contiene.$w()274112 850 $aSeMil 852 $aSeMil$W1$xVenegono$y1$m216 6 28/1$j86330$B86330$CSeMilBibl$Z2$F90115 $85 996 $6245$a[1937]$9(OLS)http://semarc/title/194493 996 $6260$aIn Civitate Vaticana :$bEx Aedibus Academicis$9(OLS)http://semarc/publisher/30825